Ai cũng làm được /

Saved in:
Bibliographic Details
Main Author: Không rõ
Format: Book
Language:Vietnamese
Published: TN 2005
Tags: Add Tag
No Tags, Be the first to tag this record!
Institutions: Mạng thư viện Đại học Đà Nẵng
LEADER 00641nam a2200265 4500
001 000026973
003 AI-CF
005 20150403120000.0
008 150403s vm 000 vie
020 |c 0,0000 
040 |a notts 
100 |a Không rõ 
245 |a Ai cũng làm được /  |c Lê Nhất Phương biên soạn ; Lê Minh Luân hiệu đính. 
260 |b TN  |c 2005 
OWN |a LTT 
999 |a From the UDN01 
TYP |a Monograph 
TYP |a Printed language 
980 |a Mạng thư viện Đại học Đà Nẵng